Wynalazki świata: Dopasuj kraj do odkrycia - Statystyki

Ogólne statystyki
  • Ten quiz został rozwiązany 35 razy
  • Średni wynik to 8 z 15
Statystyki odpowiedzi
Wynalazek Kraj % Poprawnych
Telefon Stany Zjednoczone
88%
Pizza Włochy
88%
Druk Niemcy
85%
Internet Stany Zjednoczone
73%
Proch strzelniczy Chiny
65%
Żarówka Stany Zjednoczone
65%
Dynamit Szwecja
65%
Komputer osobisty Stany Zjednoczone
62%
Kamera filmowa Francja
50%
Samochód Niemcy
50%
Penicylina Wielka Brytania
31%
Parowóz Wielka Brytania
31%
Helikopter Niemcy
12%
Pendrive Izrael
8%
Pasta do zębów Egipt
0%
Nie znaleziono quizów pasujących do podanych kryteriów
Rozkład punktacji
Procent ludzi z każdym wynikiem
Percentyl według liczby udzielonych odpowiedzi
Twoja historia wyników
Nie rozwiązałeś tego quizu